000 00514nam a2200181 i 4500
001 34957
003 ES-MaACL
005 20230906155028.0
007 t|
008 030211s1970 sp ||||1| spa d
080 _a821.134.2-31"19"
100 1 _aBoixados, María Dolores.
_929913
245 1 0 _aAguas muertas :
_bnovela /
_cMaría Dolores Boixados.
260 _aMadrid :
_bPunta Europa,
_c1970.
300 _a203 p. ;
_c21 cm.
597 _aSin imprimir p.: 5-6, 8-9, 12-13 y 16
852 4 _aES-MaACL
_jC-38991
999 _c34957
_d34957